000 00398nam a2200157Ia 4500
008 151213s9999 xx 000 0 und d
100 _aA.T.C.Robinson , r.Marks
245 _aOven-cloth Construction
_cA.T.C.Robinson , r.Marks
250 _a1st
260 _aLondon
_c1993
300 _a7475 p.
650 _aTextiles
650 _aTextiles
700 _aA.T.C.Robinson , r.Marks
999 _c3974
_d3974